[Event "English Open Championship 2024"]
[Site "Holiday Inn, 212 Abbey End, Kenilworth CV8 1ED, United Kingdom"]
[Date "2024.06.22"]
[Round "6.12"]
[White "Murawski, Jan"]
[Black "Savidge, Daniel"]
[Result "0-1"]
[TimeControl "G90 + 30secs/move"]
[WhiteFideId "21009287"]
[BlackFideId "450332"]
[WhiteElo "2134"]
[BlackElo "2085"]

1. d4 {[%clk 01:30:56]} {[%emt 00:00:02]} g6 {[%clk 01:30:45]} {[%emt
00:00:17]} 2. c4 {[%clk 01:31:14]} {[%emt 00:00:12]} Bg7 {[%clk 01:31:10]}
{[%emt 00:00:05]} 3. Nc3 {[%clk 01:31:38]} {[%emt 00:00:06]} d6 {[%clk
01:31:38]} {[%emt 00:00:04]} 4. e4 {[%clk 01:31:57]} {[%emt 00:00:10]} e5
{[%clk 01:32:05]} {[%emt 00:00:03]} 5. dxe5 {[%clk 01:30:27]} {[%emt 00:02:00]}
dxe5 {[%clk 01:32:32]} {[%emt 00:00:03]} 6. Qxd8+ {[%clk 01:30:18]} {[%emt
00:00:38]} Kxd8 {[%clk 01:32:59]} {[%emt 00:00:03]} 7. Bg5+ {[%clk 01:30:09]}
{[%emt 00:00:39]} f6 {[%clk 01:33:07]} {[%emt 00:00:23]} 8. O-O-O+ {[%clk
01:29:32]} {[%emt 00:01:06]} Nd7 {[%clk 01:29:47]} {[%emt 00:03:51]} 9. Be3
{[%clk 01:29:09]} {[%emt 00:00:52]} c6 {[%clk 01:30:12]} {[%emt 00:00:06]} 10.
g4 {[%clk 01:13:15]} {[%emt 00:16:24]} Bh6 {[%clk 01:25:53]} {[%emt 00:04:50]}
11. Bxh6 {[%clk 01:12:02]} {[%emt 00:01:43]} Nxh6 {[%clk 01:26:16]} {[%emt
00:00:07]} 12. f3 {[%clk 01:12:22]} {[%emt 00:00:09]} Nf7 {[%clk 01:26:28]}
{[%emt 00:00:18]} 13. h4 {[%clk 01:05:51]} {[%emt 00:07:00]} Ke7 {[%clk
01:23:55]} {[%emt 00:03:03]} 14. h5 {[%clk 01:02:03]} {[%emt 00:04:19]} Nc5
{[%clk 01:21:46]} {[%emt 00:02:40]} 15. b4 {[%clk 00:52:04]} {[%emt 00:10:28]}
Ne6 {[%clk 01:20:38]} {[%emt 00:01:38]} 16. c5 {[%clk 00:51:46]} {[%emt
00:00:49]} a5 {[%clk 01:19:31]} {[%emt 00:01:37]} 17. a3 {[%clk 00:52:09]}
{[%emt 00:00:06]} axb4 {[%clk 01:19:56]} {[%emt 00:00:05]} 18. axb4 {[%clk
00:52:38]} {[%emt 00:00:01]} Nd4 {[%clk 01:18:04]} {[%emt 00:02:22]} 19. hxg6
{[%clk 00:44:30]} {[%emt 00:08:38]} hxg6 {[%clk 01:18:32]} {[%emt 00:00:02]} 20.
Rxh8 {[%clk 00:44:58]} {[%emt 00:00:02]} Nxh8 {[%clk 01:19:00]} {[%emt
00:00:02]} 21. Bc4 {[%clk 00:43:59]} {[%emt 00:01:29]} Be6 {[%clk 01:19:10]}
{[%emt 00:00:20]} 22. Bxe6 {[%clk 00:43:37]} {[%emt 00:00:52]} Kxe6 {[%clk
01:19:37]} {[%emt 00:00:03]} 23. Nce2 {[%clk 00:29:22]} {[%emt 00:14:45]} Ra1+
{[%clk 01:15:32]} {[%emt 00:04:34]} 24. Kd2 {[%clk 00:29:25]} {[%emt 00:00:28]}
Ra2+ {[%clk 01:14:31]} {[%emt 00:01:31]} 25. Ke3 {[%clk 00:26:47]} {[%emt
00:03:07]} Nc2+ {[%clk 01:14:10]} {[%emt 00:00:52]} 26. Kf2 {[%clk 00:26:54]}
{[%emt 00:00:22]} Nxb4 {[%clk 01:14:35]} {[%emt 00:00:05]} 27. Rd8 {[%clk
00:26:28]} {[%emt 00:00:57]} Nf7 {[%clk 01:14:41]} {[%emt 00:00:25]} 28. Re8+
{[%clk 00:26:57]} {[%emt 00:00:01]} Kd7 {[%clk 01:14:37]} {[%emt 00:00:32]} 29.
Rg8 {[%clk 00:27:25]} {[%emt 00:00:03]} g5 {[%clk 01:10:52]} {[%emt 00:04:15]}
30. Ke3 {[%clk 00:26:40]} {[%emt 00:01:15]} Na6 {[%clk 01:08:56]} {[%emt
00:02:25]} 31. Ng3 {[%clk 00:23:34]} {[%emt 00:03:36]} Nxc5 {[%clk 01:08:53]}
{[%emt 00:00:34]} 32. Nh5 {[%clk 00:22:26]} {[%emt 00:01:38]} Ke7 {[%clk
01:08:09]} {[%emt 00:01:14]} 33. Ng7 {[%clk 00:16:22]} {[%emt 00:06:33]} Nd6
{[%clk 01:07:04]} {[%emt 00:01:35]} 34. Nf5+ {[%clk 00:15:47]} {[%emt
00:01:05]} Nxf5+ {[%clk 01:02:00]} {[%emt 00:05:35]} 35. gxf5 {[%clk 00:15:49]}
{[%emt 00:00:28]} b5 {[%clk 00:58:03]} {[%emt 00:04:27]} 36. Rb8 {[%clk
00:12:50]} {[%emt 00:03:29]} Nd7 {[%clk 00:55:01]} {[%emt 00:03:32]} 37. Rc8
{[%clk 00:12:32]} {[%emt 00:00:48]} Kd6 {[%clk 00:54:50]} {[%emt 00:00:41]} 38.
Ne2 {[%clk 00:12:22]} {[%emt 00:00:40]} b4 {[%clk 00:55:16]} {[%emt 00:00:04]}
39. Kd3 {[%clk 00:12:32]} {[%emt 00:00:20]} Ra3+ {[%clk 00:54:47]} {[%emt
00:01:00]} 40. Kc4 {[%clk 00:12:54]} {[%emt 00:00:07]} Re3 {[%clk 00:55:06]}
{[%emt 00:00:11]} 0-1

[Event "English Open Championship 2024"]
[Site "Holiday Inn, 212 Abbey End, Kenilworth CV8 1ED, United Kingdom"]
[Date "2024.06.22"]
[Round "6.13"]
[White "Verbytski, Oleg"]
[Black "Atako, Chino C"]
[Result "1-0"]
[TimeControl "G90 + 30secs/move"]
[WhiteFideId "495506"]
[BlackFideId "468649"]
[WhiteElo "2008"]
[BlackElo "2003"]

1. e4 {[%clk 01:30:58]} {[%emt 00:00:02]} d6 {[%clk 01:27:13]} {[%emt
00:03:46]} 2. d4 {[%clk 01:31:20]} {[%emt 00:00:09]} Nf6 {[%clk 01:27:29]}
{[%emt 00:00:14]} 3. Nc3 {[%clk 01:31:43]} {[%emt 00:00:07]} e5 {[%clk
01:27:52]} {[%emt 00:00:06]} 4. dxe5 {[%clk 01:29:47]} {[%emt 00:02:27]} dxe5
{[%clk 01:28:15]} {[%emt 00:00:07]} 5. Qxd8+ {[%clk 01:30:14]} {[%emt
00:00:04]} Kxd8 {[%clk 01:28:37]} {[%emt 00:00:08]} 6. Bc4 {[%clk 01:30:40]}
{[%emt 00:00:04]} Ke8 {[%clk 01:28:56]} {[%emt 00:00:10]} 7. a3 {[%clk
01:23:02]} {[%emt 00:08:09]} a6 {[%clk 01:25:47]} {[%emt 00:03:40]} 8. Bg5
{[%clk 01:22:07]} {[%emt 00:01:24]} Nbd7 {[%clk 01:25:35]} {[%emt 00:00:42]} 9.
O-O-O {[%clk 01:19:00]} {[%emt 00:03:37]} Bd6 {[%clk 01:25:23]} {[%emt
00:00:41]} 10. a4 {[%clk 01:17:55]} {[%emt 00:01:37]} b6 {[%clk 01:24:39]}
{[%emt 00:01:13]} 11. f3 {[%clk 01:10:40]} {[%emt 00:07:45]} Bb7 {[%clk
01:22:58]} {[%emt 00:02:10]} 12. Nge2 {[%clk 01:10:12]} {[%emt 00:00:58]} h6
{[%clk 01:23:14]} {[%emt 00:00:14]} 13. Be3 {[%clk 01:09:45]} {[%emt 00:00:57]}
Ke7 {[%clk 01:22:19]} {[%emt 00:01:25]} 14. Ng3 {[%clk 01:09:28]} {[%emt
00:00:48]} g6 {[%clk 01:22:10]} {[%emt 00:00:38]} 15. h4 {[%clk 01:09:43]}
{[%emt 00:00:16]} Bc5 {[%clk 01:19:28]} {[%emt 00:03:11]} 16. Nf1 {[%clk
01:05:17]} {[%emt 00:04:57]} c6 {[%clk 01:14:22]} {[%emt 00:05:36]} 17. Bxc5+
{[%clk 01:00:56]} {[%emt 00:04:51]} Nxc5 {[%clk 01:13:13]} {[%emt 00:01:39]} 18.
b4 {[%clk 01:01:19]} {[%emt 00:00:08]} Ne6 {[%clk 01:12:05]} {[%emt 00:01:37]}
19. Bxe6 {[%clk 01:00:28]} {[%emt 00:01:21]} Kxe6 {[%emt 00:07:24]} 20. Ne3
{[%clk 00:59:07]} b5 {[%clk 01:04:17]} {[%emt 00:03:14]} 21. a5 {[%clk
00:55:57]} {[%emt 00:03:41]} h5 {[%clk 01:02:11]} {[%emt 00:02:34]} 22. Kb2
{[%clk 00:53:01]} {[%emt 00:03:27]} Rhd8 {[%clk 01:02:07]} {[%emt 00:00:34]} 23.
Na2 {[%clk 00:49:37]} {[%emt 00:03:54]} c5 {[%clk 00:59:07]} {[%emt 00:03:29]}
24. bxc5 {[%clk 00:48:28]} {[%emt 00:01:40]} Rac8 {[%clk 00:51:43]} {[%emt
00:07:53]} 25. Rxd8 {[%clk 00:47:03]} {[%emt 00:01:56]} Rxd8 {[%clk 00:52:11]}
{[%emt 00:00:02]} 26. Nb4 {[%clk 00:47:14]} {[%emt 00:00:19]} Rd2 {[%clk
00:37:28]} {[%emt 00:15:11]} 27. Kc3 {[%clk 00:45:20]} {[%emt 00:02:26]} Rd4
{[%clk 00:35:17]} {[%emt 00:02:39]} 28. Rd1 {[%clk 00:41:53]} {[%emt 00:03:59]}
Rxd1 {[%clk 00:33:39]} {[%emt 00:02:07]} 29. Nxd1 {[%clk 00:42:20]} {[%emt
00:00:04]} Ne8 {[%clk 00:32:45]} {[%emt 00:01:24]} 30. Ne3 {[%clk 00:32:36]}
{[%emt 00:10:13]} Nc7 {[%clk 00:31:21]} {[%emt 00:01:54]} 31. Kd3 {[%clk
00:26:14]} {[%emt 00:06:53]} f5 {[%clk 00:21:31]} {[%emt 00:10:19]} 32. c4
{[%clk 00:25:23]} {[%emt 00:01:22]} fxe4+ {[%clk 00:13:58]} {[%emt 00:08:02]}
33. fxe4 {[%clk 00:25:41]} {[%emt 00:00:12]} bxc4+ {[%clk 00:12:54]} {[%emt
00:01:34]} 34. Nxc4 {[%clk 00:26:02]} {[%emt 00:00:10]} Bc8 {[%clk 00:10:07]}
{[%emt 00:03:16]} 35. c6 {[%clk 00:22:31]} {[%emt 00:04:03]} Nb5 {[%clk
00:09:13]} {[%emt 00:01:21]} 36. Nb6 {[%clk 00:22:21]} {[%emt 00:00:41]} Na7
{[%clk 00:09:25]} {[%emt 00:00:19]} 37. Nxc8 {[%clk 00:22:28]} {[%emt
00:00:24]} Nxc8 {[%clk 00:09:52]} {[%emt 00:00:02]} 38. Nxa6 {[%clk 00:22:52]}
{[%emt 00:00:06]} Kd6 {[%clk 00:10:07]} {[%emt 00:00:13]} 39. Nb4 {[%clk
00:21:37]} {[%emt 00:01:47]} Kc5 {[%clk 00:10:19]} {[%emt 00:00:17]} 40. Kc3
{[%clk 00:22:02]} {[%emt 00:00:05]} Nd6 {[%clk 00:09:46]} {[%emt 00:01:03]} 41.
Nd3+ {[%clk 00:20:35]} {[%emt 00:01:57]} Kxc6 {[%clk 00:08:36]} {[%emt
00:01:40]} 42. Nxe5+ {[%clk 00:21:03]} {[%emt 00:00:02]} 1-0

[Event "English Open Championship 2024"]
[Site "Holiday Inn, 212 Abbey End, Kenilworth CV8 1ED, United Kingdom"]
[Date "2024.06.22"]
[Round "6.14"]
[White "Bharat Kumar, Balahari"]
[Black "Seymour, Timothy P"]
[Result "0-1"]
[TimeControl "G90 + 30secs/move"]
[WhiteFideId "496464"]
[BlackFideId "412112"]
[WhiteElo "1994"]
[BlackElo "2113"]

1. d4 {[%clk 01:30:55]} {[%emt 00:00:05]} Nf6 {[%clk 01:30:48]} {[%emt
00:00:12]} 2. c4 {[%clk 01:31:01]} {[%emt 00:00:24]} e6 {[%clk 01:31:14]}
{[%emt 00:00:04]} 3. Nf3 {[%clk 01:31:25]} {[%emt 00:00:07]} d5 {[%clk
01:31:34]} {[%emt 00:00:09]} 4. Nc3 {[%clk 01:31:50]} {[%emt 00:00:06]} dxc4
{[%clk 01:31:45]} {[%emt 00:00:18]} 5. e3 {[%clk 01:31:51]} {[%emt 00:00:29]}
a6 {[%clk 01:32:04]} {[%emt 00:00:11]} 6. a4 {[%clk 01:31:39]} {[%emt
00:00:43]} c5 {[%clk 01:32:28]} {[%emt 00:00:05]} 7. Bxc4 {[%clk 01:31:47]}
{[%emt 00:00:23]} Nc6 {[%clk 01:32:40]} {[%emt 00:00:18]} 8. O-O {[%clk
01:31:12]} {[%emt 00:01:04]} Bd6 {[%clk 01:32:21]} {[%emt 00:00:49]} 9. Bb3
{[%clk 01:21:07]} {[%emt 00:10:35]} O-O {[%clk 01:30:30]} {[%emt 00:02:21]} 10.
h3 {[%clk 01:20:01]} {[%emt 00:01:36]} b6 {[%clk 01:22:33]} {[%emt 00:08:27]}
11. d5 {[%clk 01:14:16]} {[%emt 00:06:15]} exd5 {[%clk 01:22:22]} {[%emt
00:00:41]} 12. Nxd5 {[%clk 01:11:48]} {[%emt 00:02:58]} Bb7 {[%clk 01:20:50]}
{[%emt 00:02:02]} 13. Re1 {[%clk 00:53:13]} {[%emt 00:19:04]} Re8 {[%clk
00:44:46]} {[%emt 00:36:35]} 14. Ng5 {[%clk 00:31:55]} {[%emt 00:21:47]} c4
{[%clk 00:30:27]} {[%emt 00:14:49]} 15. Bc2 {[%clk 00:01:50]} {[%emt 00:30:36]}
Nxd5 {[%clk 00:12:37]} {[%emt 00:18:20]} 16. Bxh7+ {[%clk 00:00:36]} {[%emt
00:01:44]} Kf8 {[%clk 00:12:58]} {[%emt 00:00:09]} 17. Nxf7 {[%clk 00:00:38]}
{[%emt 00:00:29]} Kxf7 {[%clk 00:12:05]} {[%emt 00:01:22]} 18. Qxd5+ {[%clk
00:00:57]} {[%emt 00:00:11]} Re6 {[%clk 00:10:25]} {[%emt 00:02:09]} 19. Bg6+
{[%clk 00:00:36]} {[%emt 00:00:52]} Ke7 {[%clk 00:10:17]} {[%emt 00:00:38]} 20.
e4 {[%clk 00:00:43]} {[%emt 00:00:24]} Rxg6 {[%clk 00:09:54]} {[%emt 00:00:52]}
21. Bg5+ {[%clk 00:00:33]} {[%emt 00:00:39]} Rxg5 {[%clk 00:09:31]} {[%emt
00:00:54]} 22. Qxg5+ {[%clk 00:00:59]} {[%emt 00:00:05]} Kd7 {[%clk 00:06:48]}
{[%emt 00:03:12]} 23. Qf5+ {[%clk 00:00:58]} {[%emt 00:00:31]} Kc7 {[%clk
00:07:00]} {[%emt 00:00:18]} 24. e5 {[%clk 00:00:53]} {[%emt 00:00:35]} Bc5
{[%clk 00:05:31]} {[%emt 00:01:59]} 25. Rad1 {[%clk 00:00:50]} {[%emt
00:00:32]} Qe7 {[%clk 00:05:37]} {[%emt 00:00:24]} 26. Qg6 {[%clk 00:00:34]}
{[%emt 00:00:47]} Rf8 {[%clk 00:05:21]} {[%emt 00:00:46]} 27. e6 {[%clk
00:00:36]} {[%emt 00:00:28]} Bxf2+ {[%clk 00:04:22]} {[%emt 00:01:29]} 28. Kh1
{[%clk 00:00:57]} {[%emt 00:00:09]} Nd4 {[%clk 00:04:30]} {[%emt 00:00:23]} 29.
Rf1 {[%clk 00:00:50]} {[%emt 00:00:37]} Qxe6 {[%clk 00:04:29]} {[%emt
00:00:30]} 30. Qxg7+ {[%clk 00:00:38]} {[%emt 00:00:42]} Rf7 {[%clk 00:04:53]}
{[%emt 00:00:06]} 31. Qh8 {[%clk 00:00:39]} {[%emt 00:00:29]} Qe4 {[%clk
00:04:23]} {[%emt 00:00:59]} 32. Qg8 {[%clk 00:00:51]} {[%emt 00:00:19]} Qf5
{[%clk 00:04:17]} {[%emt 00:00:35]} 33. Qh8 {[%clk 00:00:52]} {[%emt 00:00:30]}
Bxg2+ {[%clk 00:03:34]} {[%emt 00:01:13]} 34. Kxg2 {[%clk 00:01:12]} {[%emt
00:00:09]} Qf3+ {[%clk 00:03:48]} {[%emt 00:00:16]} 0-1

[Event "English Open Championship 2024"]
[Site "Holiday Inn, 212 Abbey End, Kenilworth CV8 1ED, United Kingdom"]
[Date "2024.06.22"]
[Round "6.15"]
[White "Shearsby, Jude"]
[Black "Clarke, James"]
[Result "1-0"]
[TimeControl "G90 + 30secs/move"]
[WhiteFideId "462527"]
[BlackFideId "463140"]
[WhiteElo "2092"]
[BlackElo "1894"]

1. e4 {[%clk 01:30:35]} {[%emt 00:00:15]} e5 {[%clk 01:30:57]} {[%emt
00:00:12]} 2. Nf3 {[%clk 01:30:58]} {[%emt 00:00:06]} Nf6 {[%clk 01:31:23]}
{[%emt 00:00:05]} 3. Nxe5 {[%clk 01:31:23]} {[%emt 00:00:05]} d6 {[%clk
01:31:51]} {[%emt 00:00:02]} 4. Nf3 {[%clk 01:31:44]} {[%emt 00:00:09]} Nxe4
{[%clk 01:32:18]} {[%emt 00:00:04]} 5. Nc3 {[%clk 01:32:10]} {[%emt 00:00:04]}
Nxc3 {[%clk 01:32:39]} {[%emt 00:00:09]} 6. dxc3 {[%clk 01:32:34]} {[%emt
00:00:05]} Be7 {[%clk 01:33:04]} {[%emt 00:00:05]} 7. Be3 {[%clk 01:33:00]}
{[%emt 00:00:04]} O-O {[%clk 01:33:30]} {[%emt 00:00:04]} 8. Qd2 {[%clk
01:33:27]} {[%emt 00:00:02]} Nd7 {[%clk 01:33:56]} {[%emt 00:00:05]} 9. O-O-O
{[%clk 01:33:52]} {[%emt 00:00:05]} Nf6 {[%clk 01:34:24]} {[%emt 00:00:03]} 10.
Bd3 {[%clk 01:34:17]} {[%emt 00:00:04]} Re8 {[%clk 01:34:49]} {[%emt 00:00:05]}
11. Rhe1 {[%clk 01:34:32]} {[%emt 00:00:14]} Bg4 {[%clk 01:35:07]} {[%emt
00:00:13]} 12. Bg5 {[%clk 01:34:57]} {[%emt 00:00:06]} Nh5 {[%clk 01:35:24]}
{[%emt 00:00:12]} 13. Be3 {[%clk 01:33:39]} {[%emt 00:01:48]} Nf6 {[%clk
01:32:27]} {[%emt 00:03:27]} 14. Kb1 {[%clk 01:30:16]} {[%emt 00:03:53]} d5
{[%clk 01:31:44]} {[%emt 00:01:13]} 15. h3 {[%clk 01:28:56]} {[%emt 00:01:49]}
Bxf3 {[%clk 01:32:09]} {[%emt 00:00:07]} 16. gxf3 {[%clk 01:29:21]} {[%emt
00:00:05]} Qd6 {[%clk 01:32:14]} {[%emt 00:00:24]} 17. Rg1 {[%clk 01:27:40]}
{[%emt 00:02:10]} Kh8 {[%clk 01:31:06]} {[%emt 00:01:39]} 18. Rg3 {[%clk
01:23:37]} {[%emt 00:04:33]} Bf8 {[%clk 01:29:42]} {[%emt 00:01:55]} 19. Rdg1
{[%clk 01:22:38]} {[%emt 00:01:27]} c5 {[%clk 01:25:53]} {[%emt 00:04:20]} 20.
c4 {[%clk 01:18:16]} {[%emt 00:04:52]} b5 {[%clk 01:20:59]} {[%emt 00:05:25]}
21. Bf4 {[%clk 00:58:28]} {[%emt 00:20:17]} Qb6 {[%clk 01:12:08]} {[%emt
00:09:21]} 22. cxd5 {[%clk 00:56:37]} {[%emt 00:02:21]} c4 {[%clk 01:02:30]}
{[%emt 00:10:07]} 23. Be4 {[%clk 00:51:40]} {[%emt 00:05:28]} Rxe4 {[%clk
00:54:04]} {[%emt 00:08:56]} 24. fxe4 {[%clk 00:51:50]} {[%emt 00:00:20]} Nxe4
{[%clk 00:54:31]} {[%emt 00:00:04]} 25. Qe3 {[%clk 00:48:55]} {[%emt 00:03:24]}
Nxg3 {[%clk 00:54:51]} {[%emt 00:00:10]} 26. Qxb6 {[%clk 00:47:25]} {[%emt
00:02:01]} axb6 {[%clk 00:55:17]} {[%emt 00:00:04]} 27. fxg3 {[%clk 00:47:52]}
{[%emt 00:00:03]} Bc5 {[%clk 00:43:52]} {[%emt 00:11:54]} 28. Rd1 {[%clk
00:48:03]} {[%emt 00:00:19]} Rd8 {[%clk 00:44:11]} {[%emt 00:00:11]} 29. c3
{[%clk 00:39:35]} {[%emt 00:08:59]} Kg8 {[%clk 00:36:33]} {[%emt 00:08:07]} 30.
b4 {[%clk 00:35:07]} {[%emt 00:04:58]} Bd6 {[%clk 00:34:10]} {[%emt 00:02:52]}
31. Be3 {[%clk 00:32:24]} {[%emt 00:03:14]} Bxg3 {[%clk 00:31:31]} {[%emt
00:03:09]} 32. Bxb6 {[%emt 00:00:15]} Rd7 {[%clk 00:31:11]} {[%emt 00:00:49]}
33. a4 {[%clk 00:31:14]} {[%emt 00:01:56]} bxa4 {[%clk 00:31:20]} {[%emt
00:00:21]} 34. Ka2 {[%clk 00:31:43]} Be5 {[%clk 00:24:48]} {[%emt 00:07:02]} 35.
Ka3 {[%clk 00:29:32]} {[%emt 00:02:42]} Bxc3 {[%clk 00:21:42]} {[%emt
00:03:35]} 36. Kxa4 {[%clk 00:28:48]} {[%emt 00:01:14]} Be5 {[%clk 00:21:54]}
{[%emt 00:00:18]} 37. Kb5 {[%clk 00:28:31]} {[%emt 00:00:47]} c3 {[%clk
00:20:26]} {[%emt 00:01:58]} 38. Kc6 {[%clk 00:28:26]} {[%emt 00:00:35]} Rd6+
{[%clk 00:20:49]} {[%emt 00:00:07]} 39. Kc5 {[%clk 00:28:55]} {[%emt 00:00:01]}
Bf4 {[%clk 00:11:25]} {[%emt 00:09:54]} 40. Ra1 {[%clk 00:27:19]} {[%emt
00:02:06]} g5 {[%clk 00:07:46]} {[%emt 00:04:09]} 41. Bc7 {[%clk 00:27:04]}
{[%emt 00:00:44]} Rf6 {[%clk 00:02:03]} {[%emt 00:06:14]} 42. Bxf4 {[%clk
00:26:35]} {[%emt 00:00:59]} gxf4 {[%clk 00:02:12]} {[%emt 00:00:21]} 43. d6
{[%clk 00:27:00]} {[%emt 00:00:05]} Kf8 {[%clk 00:01:58]} {[%emt 00:00:44]} 44.
Ra8+ {[%clk 00:27:15]} {[%emt 00:00:15]} Kg7 {[%clk 00:02:24]} {[%emt
00:00:04]} 45. d7 {[%clk 00:27:41]} {[%emt 00:00:04]} f3 {[%clk 00:01:25]}
{[%emt 00:01:29]} 46. d8=Q {[%clk 00:27:46]} {[%emt 00:00:25]} f2 {[%clk
00:00:46]} {[%emt 00:01:07]} 47. Qh8+ {[%clk 00:25:29]} {[%emt 00:02:47]} Kg6
{[%clk 00:01:08]} {[%emt 00:00:08]} 48. Rg8+ {[%clk 00:24:00]} {[%emt
00:02:00]} Kf5 {[%clk 00:00:59]} {[%emt 00:00:39]} 49. Qxh7 {[%clk 00:24:27]}
{[%emt 00:00:04]} Ke5 {[%clk 00:00:54]} {[%emt 00:00:34]} 50. Rg5 {[%clk
00:24:37]} {[%emt 00:00:20]} Kf4 {[%clk 00:00:50]} {[%emt 00:00:35]} 51. Rg4+
{[%clk 00:24:54]} {[%emt 00:00:12]} Ke3 {[%clk 00:00:50]} {[%emt 00:00:30]} 52.
Qe4+ {[%clk 00:25:20]} {[%emt 00:00:04]} Kd2 {[%clk 00:01:09]} {[%emt
00:00:12]} 53. Qd4+ {[%clk 00:25:46]} {[%emt 00:00:03]} 1-0

[Event "English Open Championship 2024"]
[Site "Holiday Inn, 212 Abbey End, Kenilworth CV8 1ED, United Kingdom"]
[Date "2024.06.22"]
[Round "6.16"]
[White "Dasgupta, Avyukt"]
[Black "Banerjee, Supratit"]
[Result "1/2-1/2"]
[TimeControl "G90 + 30secs/move"]
[WhiteFideId "480630"]
[BlackFideId "2410079"]
[WhiteElo "2031"]
[BlackElo "2115"]

1. e4 {[%clk 01:30:56]} {[%emt 00:00:04]} e6 {[%clk 01:28:23]} {[%emt
00:02:37]} 2. d4 {[%clk 01:31:19]} {[%emt 00:00:07]} d5 {[%clk 01:28:31]}
{[%emt 00:00:23]} 3. Bd3 {[%clk 01:31:45]} {[%emt 00:00:04]} dxe4 {[%clk
01:23:20]} {[%emt 00:05:41]} 4. Bxe4 {[%clk 01:32:13]} {[%emt 00:00:01]} Nf6
{[%clk 01:23:13]} {[%emt 00:00:37]} 5. Bf3 {[%clk 01:32:42]} {[%emt 00:00:01]}
c5 {[%clk 01:21:02]} {[%emt 00:02:41]} 6. Ne2 {[%clk 01:32:43]} {[%emt
00:00:29]} Be7 {[%clk 01:18:10]} {[%emt 00:03:22]} 7. Nbc3 {[%clk 01:31:40]}
{[%emt 00:01:34]} O-O {[%clk 01:16:44]} {[%emt 00:01:55]} 8. Be3 {[%clk
01:28:55]} {[%emt 00:03:15]} Nbd7 {[%clk 01:12:13]} {[%emt 00:05:02]} 9. O-O
{[%emt 00:08:20]} cxd4 {[%clk 01:06:20]} {[%emt 00:06:16]} 10. Nxd4 {[%clk
01:21:01]} {[%emt 00:00:41]} Ne5 {[%clk 01:04:11]} {[%emt 00:02:38]} 11. Qe2
{[%clk 01:17:49]} {[%emt 00:03:43]} Nxf3+ {[%clk 00:50:38]} {[%emt 00:14:02]}
12. Qxf3 {[%clk 01:17:53]} {[%emt 00:00:26]} Nd5 {[%clk 00:49:54]} {[%emt
00:01:15]} 13. Nxd5 {[%clk 01:17:29]} {[%emt 00:00:54]} Qxd5 {[%clk 00:46:59]}
{[%emt 00:03:24]} 14. Qxd5 {[%clk 01:16:55]} {[%emt 00:01:05]} exd5 {[%clk
00:46:21]} {[%emt 00:01:07]} 15. Nb5 {[%clk 01:14:03]} {[%emt 00:03:23]} Bf5
{[%clk 00:40:24]} {[%emt 00:06:27]} 16. Rac1 {[%clk 01:00:30]} {[%emt
00:15:01]} Rac8 {[%clk 00:26:43]} {[%emt 00:14:12]} 17. Nc3 {[%clk 00:57:36]}
{[%emt 00:03:25]} Rfd8 {[%clk 00:26:04]} {[%emt 00:01:08]} 18. Rfd1 {[%clk
00:55:18]} {[%emt 00:02:47]} Be6 {[%clk 00:26:15]} {[%emt 00:00:20]} 19. Bxa7
{[%clk 00:54:10]} {[%emt 00:01:38]} Bf6 {[%clk 00:26:18]} {[%emt 00:00:27]} 20.
Bd4 {[%clk 00:52:45]} {[%emt 00:01:55]} Bg5 {[%clk 00:26:38]} {[%emt 00:00:11]}
21. Be3 {[%clk 00:45:20]} {[%emt 00:07:53]} Bf6 {[%clk 00:26:49]} {[%emt
00:00:19]} 22. Bd4 {[%clk 00:43:06]} {[%emt 00:02:45]} Bg5 {[%clk 00:27:06]}
{[%emt 00:00:12]} 23. Ra1 {[%clk 00:33:42]} {[%emt 00:09:54]} h6 {[%clk
00:21:09]} {[%emt 00:06:28]} 24. Be3 {[%clk 00:27:38]} {[%emt 00:06:34]} Bf6
{[%clk 00:21:30]} {[%emt 00:00:09]} 25. Bd4 {[%clk 00:28:07]} {[%emt 00:00:01]}
Bg5 {[%clk 00:21:53]} {[%emt 00:00:07]} 26. Re1 {[%clk 00:20:46]} {[%emt
00:07:51]} Rc4 {[%clk 00:13:59]} {[%emt 00:08:25]} 27. Rad1 {[%clk 00:20:05]}
{[%emt 00:01:10]} Rdc8 {[%clk 00:13:29]} {[%emt 00:01:01]} 28. h3 {[%clk
00:12:02]} {[%emt 00:08:32]} Rb4 {[%clk 00:11:41]} {[%emt 00:02:18]} 29. Ne2
{[%clk 00:09:12]} {[%emt 00:03:21]} Ra4 {[%clk 00:07:37]} {[%emt 00:04:34]} 30.
Nc3 {[%clk 00:05:36]} {[%emt 00:04:06]} Rb4 {[%clk 00:07:46]} {[%emt 00:00:21]}
31. Ne2 {[%clk 00:02:24]} {[%emt 00:03:42]} Ra4 {[%emt 00:02:09]} 32. Nc3 Rb4
{[%emt 00:00:01]} 33. Ne2 {[%emt 00:00:10]} 1/2-1/2